A systematic theology of the Christian religion / (Record no. 2000)

MARC details
000 -LEADER
fixed length control field 01621cam a22002771 4500
001 - CONTROL NUMBER
control field 240967
003 - CONTROL NUMBER IDENTIFIER
control field GBCCL
005 - DATE AND TIME OF LATEST TRANSACTION
control field 20241126110414.0
008 - FIXED-LENGTH DATA ELEMENTS--GENERAL INFORMATION
fixed length control field 800124m19621963miu 000 0 eng
010 ## -
-- 62016807
035 ## - SYSTEM CONTROL NUMBER
System control number (OCoLC)ocm01887395
035 ## - SYSTEM CONTROL NUMBER
System control number (OCoLC)1887395
Canceled/invalid control number (OCoLC)8912492
040 ## - CATALOGING SOURCE
Original cataloging agency DLC
Language of cataloging eng
Transcribing agency DLC
Modifying agency BTCTA
-- XBE
-- OCLCG
-- OCLCQ
-- CIRBC
049 ## -
-- LBBA
050 00 -
-- BT75.2
-- .B8
082 00 - DEWEY DECIMAL CLASSIFICATION NUMBER
Classification number 230.046
Item number BUS
090 ## - LOCALLY ASSIGNED LC-TYPE CALL NUMBER (OCLC); LOCAL CALL NUMBER (RLIN)
Classification number (OCLC) (R) ; Classification number, CALL (RLIN) (NR) BT75.2
Local cutter number (OCLC) ; Book number/undivided call number, CALL (RLIN) .B8
100 1# - MAIN ENTRY--PERSONAL NAME
Personal name Buswell, J. Oliver
Fuller form of name (James Oliver),
Dates associated with a name 1895-1977.
9 (RLIN) 4107
245 12 - TITLE STATEMENT
Title A systematic theology of the Christian religion /
Statement of responsibility, etc. by James Oliver Buswell.
260 ## - PUBLICATION, DISTRIBUTION, ETC.
Place of publication, distribution, etc. Grand Rapids :
Name of publisher, distributor, etc. Zondervan Pub. House,
Date of publication, distribution, etc. c1962-63.
300 ## - PHYSICAL DESCRIPTION
Extent 2 v. ;
Dimensions 23 cm.
505 0# - FORMATTED CONTENTS NOTE
Formatted contents note VOLUME I. -- [Part I.] Theism -- Ch. 1 The nature and attributes of God -- Ch. 2 Evidences for the existence of God -- Ch. 3 The doctrine of the trinity -- Ch. 4 The works of God: (Decrees), creation -- Ch. 5 The decrees of God, providence, miracle -- Ch. 6 Revelation, the inspiration of the Bible -- [Part II.] Biblical anthropology.
505 0# - FORMATTED CONTENTS NOTE
Formatted contents note VOLUME II. -- [Part III.] Soteriology -- Ch. 1 The person of Christ, his deity and his humanity -- Ch. 2 The person of Christ, his deity and his humanity -- Ch. 3 The doctrine of the atonement: sections I-IV -- Ch. 4 The doctrine of the atonement: sections V and VI --Ch. 5 The application of the atonement: section I -- Ch. 6 The application of the atonement: sections II-IV -- Ch. 7 The application of the atonement: section V-VIII -- Ch. 8 The church and the sacraments.
650 #0 - SUBJECT ADDED ENTRY--TOPICAL TERM
Topical term or geographic name entry element Theology, Doctrinal.
9 (RLIN) 14
942 ## - ADDED ENTRY ELEMENTS (KOHA)
Source of classification or shelving scheme Dewey Decimal Classification
Koha item type Books
Koha issues (borrowed), all copies 16
Holdings
Withdrawn status Lost status Source of classification or shelving scheme Damaged status Not for loan Home library Current Library Shelving location Date acquired Total checkouts Full call number Barcode Date last seen Date last checked out Copy number Price effective from Koha item type
    Dewey Decimal Classification     GRACE BIBLE COLLEGE GRACE BIBLE COLLEGE Theology 2017-06-06 17 230.046 BUS 000561 2025-08-21 2025-08-20 v.1 2017-06-06 Books
© Grace Bible College Library 2025